Culture Générale - Série 1700 - Statistiques

Statistiques générales
  • Ce quiz a été pris 104 fois
  • Le résultat moyen est 5 sur 10
Statistiques - réponses
Question Réponse % Correct
Quel habitat pour chien peut être "fiscale" ? niche
94%
Pièce de tissu servant à essuyer la vaisselle ou copie d'écolier pleine de ratures; que suis-je ? torchon
90%
Dans une course cycliste, par quel mot composé désigne-t-on la voiture chargée de récupérer les coureurs qui abandonnent ? voiture-balai
70%
Quelle ville française est appelée "Naoned" en breton ? Nantes
65%
De quel archipel grec l'île de Santorin fait-elle partie ? Cyclades
42%
Quelle est la capitale du Soudan du sud ? Djouba
35%
En 1967, dans le film "Le Lauréat", quel acteur incarne Benjamin Braddock, jeune diplômé séduit par Madame Robinson ? Dustin Hoffman
33%
Quel groupe chantait "L'Apérobic" en 1983 ? Les Charlots
25%
En 1987, pour quel film très controversé, Maurice Pialat reçoit-il la Palme d'or du festival de Cannes ? Sous le soleil de Satan
21%
Dans quelle ville d'Égypte se trouvent le Sphinx et les pyramides de Khéops, Khéphren et Mykérinos ? Guizeh
7%
Aucun quiz correspondant
Distribution des résultats
% des personnes avec chaque résultat
Percentile par nombre de réponses
Votre historique - résultats
Vous n’avez pas pris ce quiz